000 00677nab a2200193 4500
001 244442
003 OSt
005 20251001075531.0
007 tu
008 200917s2020|||||||
040 _aDE-2950
_cDE-2950
245 0 0 _aAxel Strasser will Parteien hinter sich bringen
_bEntscheidung. Am Tag nach der OB-Wahl richtet sich der Blick auf die Stichwahl zwischen dem Wahlsieger und Wilko Möller. Wie positionieren sich die Parteien?/
_cLisa Larossa
264 _c2025
653 _aFrankfurt (Oder)
653 _aOB-Wahl
653 _aWahlergebnis
773 0 _g36. Jahrgang (2025) Nr. 222 vom 23.09.2025, S. 13, 14, 15 mit Fotos
_tMärkische Oderzeitung
942 _2z
_cA
999 _c374030
_d374030